| 000 | 00353nam a22001457a 4500 | ||
|---|---|---|---|
| 003 | OSt | ||
| 005 | 20211222151708.0 | ||
| 008 | 211222b |||||||| |||| 00| 0 eng d | ||
| 020 | _a0471503363 | ||
| 040 | _cHU | ||
| 082 | _a004.24/JAI1991 | ||
| 100 |
_aJain _924355 |
||
| 245 | _aThe Art Of Computer Systems Performance Analysis | ||
| 942 |
_2ddc _cBOOKS _n0 |
||
| 999 |
_c23497 _d23497 |
||